000
00455nam a2200181Ia 4500
008
100917s9999 xx 000 0 und d
082
_b
61251
100
_a
मधुकर
245
_a
रिंगण
260
_b
मेनका प्रकाशन
_c
1965
300
_a
176
365
_b
6
520
_a
कादंबरी
630
_a
रिंगण
650
_a
कादंबरी
730
_a
रिंगण
942
_c
BOOK
999
_c
666645
_d
666642